Experiencing diversity : (Record no. 4580)
[ view plain ]
| 000 -LEADER | |
|---|---|
| fixed length control field | 01100nam a2200337 a 4500 |
| 001 - ACCESSION NUMBER | |
| control field | 25039 |
| 003 - CONTROL NUMBER IDENTIFIER | |
| control field | UkOxU |
| 005 - DATE AND TIME OF LATEST TRANSACTION | |
| control field | 20150912124311.0 |
| 008 - FIXED-LENGTH DATA ELEMENTS--GENERAL INFORMATION | |
| fixed length control field | 500101s1994 cau b 001 0 eng d |
| 020 ## - INTERNATIONAL STANDARD BOOK NUMBER | |
| International Standard Book Number | 0803961421 (hbk) |
| 020 ## - INTERNATIONAL STANDARD BOOK NUMBER | |
| International Standard Book Number | 080396143X (pbk) |
| 035 ## - SYSTEM CONTROL NUMBER | |
| System control number | CURL 980094007438(LCo) from bcoc79 |
| 040 ## - CATALOGING SOURCE | |
| Original cataloging agency | DDC |
| Language of cataloging | eng. |
| Transcribing agency | DDC |
| Modifying agency | DDC |
| 043 ## - GEOGRAPHIC AREA CODE | |
| Geographic area code | n-us--- |
| 049 ## - LOCAL HOLDINGS (OCLC) | |
| Holding library | CU |
| Local processing data | l |
| Missing elements | - |
| 050 #0 - LIBRARY OF CONGRESS CALL NUMBER | |
| Classification number | LC213.2 |
| Item number | E97 1994 |
| 082 ## - DEWEY DECIMAL CLASSIFICATION NUMBER | |
| Edition number | 370.19341 EXP (25039) |
| Classification number | 370.19341 |
| 092 ## - LOCALLY ASSIGNED DEWEY CALL NUMBER (OCLC) | |
| Classification number | D0501816972 |
| 245 00 - TITLE STATEMENT | |
| Title | Experiencing diversity : |
| Remainder of title | toward educational equity / |
| Statement of responsibility, etc. | editors, Frank Pignatelli, Susanna W. Pflaum |
| 260 ## - PUBLICATION, DISTRIBUTION, ETC. (IMPRINT) | |
| Place of publication, distribution, etc. | Thousand Oaks, Calif : |
| Name of publisher, distributor, etc. | Corwin Press, |
| Date of publication, distribution, etc. | c1994 |
| 300 ## - PHYSICAL DESCRIPTION | |
| Extent | xxi, 207 p. ; |
| Dimensions | 21 cm. |
| 504 ## - BIBLIOGRAPHY, ETC. NOTE | |
| Bibliography, etc | Includes bibliographical references and index. |
| 650 #0 - SUBJECT ADDED ENTRY--TOPICAL TERM | |
| Topical term or geographic name as entry element | Educational equalization |
| Geographic subdivision | United States |
| 650 #0 - SUBJECT ADDED ENTRY--TOPICAL TERM | |
| Topical term or geographic name as entry element | Minorities |
| General subdivision | Education |
| Geographic subdivision | United States. |
| 650 #0 - SUBJECT ADDED ENTRY--TOPICAL TERM | |
| Topical term or geographic name as entry element | Multicultural education |
| Geographic subdivision | United States. |
| 700 1# - ADDED ENTRY--PERSONAL NAME | |
| Personal name | Pflaum, Susanna W. |
| 700 1# - ADDED ENTRY--PERSONAL NAME | |
| Personal name | Pignatelli, Frank. |
| 830 #0 - SERIES ADDED ENTRY--UNIFORM TITLE | |
| Uniform title | Thought and practice |
| 942 ## - ADDED ENTRY ELEMENTS (KOHA) | |
| Source of classification or shelving scheme | Dewey Decimal Classification |
| Koha item type | Books |
| Withdrawn status | Lost status | Source of classification or shelving scheme | Damaged status | Not for loan | Collection code | Home library | Current library | Date acquired | Total Checkouts | Full call number | Barcode | Date last seen | Price effective from | Koha item type |
|---|---|---|---|---|---|---|---|---|---|---|---|---|---|---|
| Dewey Decimal Classification | Not For Loan | Reference | Wesley Powell Learning Resource Centre | Wesley Powell Learning Resource Centre | 09/12/2015 | RBC/370.19341 EXP | 25039 | 09/12/2015 | 09/12/2015 | Books |